[Event "ESP-chT 2nd Division 2019"]
[Site "Linares"]
[Date "2019.08.22"]
[Round "6.21"]
[White "Sanchez Saez, Francisco"]
[Black "Gamundi Salamanca, Antonio"]
[Result "0-1"]
[WhiteElo "2359"]
[BlackElo "2444"]
[Annotator "NA"]
[PlyCount "106"]
[EventDate "2019.08.19"]
[EventType "team-tourn"]
[EventCountry "ESP"]
[SourceTitle "playchess.com"]
[Source "ChessBase"]
[SourceQuality "1"]
[TimeControl "5400+30"]

1. e4 {[%emt 0:00:00]} e6 {[%emt 0:00:00]} 2. d4 {[%emt 0:00:00]} d5 {[%emt 0:00:00]} 3. Nc3 {[%emt 0:00:00]} Nf6 {[%emt 0:00:00]} 4. Bg5 {[%emt 0:00:00]} Bb4 {[%emt 0:00:00]} 5. e5 {[%emt 0:00:05]} h6 {[%emt 0:00:02]} 6. Be3 {[%emt 0:00:02]} Ne4 {[%emt 0:00:50]} 7. Qg4 {[%emt 0:00:06]} Kf8 {[%emt 0:07:27]} 8. a3 {[%emt 0:03:44]} Bxc3+ {[%emt 0:03:13]} 9. bxc3 {[%emt 0:00:06]} c5 {[%emt 0:00:06]} 10. Bd3 {[%emt 0:02:50]} Qa5 {[%emt 0:07:55]} 11. Ne2 {[%emt 0:04:11]} cxd4 {[%emt 0:03:00]} 12. Bxd4 {[%emt 0:00:41]} Nc6 {[%emt 0:03:11]} 13. O-O {[%emt 0:02:18]} Nc5 {[%emt 0:06:30]} 14. Rab1 {[%emt 0:04:09]} Nxd3 {[%emt 0:01:56]} 15. cxd3 {[%emt 0:02:08]} Qxa3 {[%emt 0:05:35]} 16. Ra1 {[%emt 0:02:57]} Qe7 {[%emt 0:00:25]} 17. f4 {[%emt 0:00:06]} Bd7 {[%emt 0:07:26]} 18. Be3 {[%emt 0:01:29]} h5 {[%emt 0:09:04]} 19. Qf3 {[%emt 0:00:45]} g6 {[%emt 0:01:31]} 20. Rfb1 {[%emt 0:02:22]} Kg7 {[%emt 0:14:56]} 21. Rxb7 {[%emt 0:01:39]} Rhb8 {[%emt 0:00:13]} 22. Rxb8 {[%emt 0:05:29]} Rxb8 {[%emt 0:00:10]} 23. Nd4 {[%emt 0:01:07]} Rb7 {[%emt 0:04:34]} 24. h3 {[%emt 0:06:55]} h4 {[%emt 0:04:30]} 25. Qf2 {[%emt 0:01:42]} Nxd4 {[%emt 0:00:11]} 26. Bxd4 {[%emt 0:00:16]} Bb5 {[%emt 0:00:24]} 27. Bc5 {[%emt 0:01:15]} Qd8 {[%emt 0:00:40]} 28. Qd4 {[%emt 0:00:53]} a5 {[%emt 0:01:31]} 29. Rf1 {[%emt 0:03:41]} Ba6 {[%emt 0:03:14]} 30. Kh2 {[%emt 0:10:02]} a4 {[%emt 0:06:02]} 31. Rf3 {[%emt 0:04:39]} Bb5 {[%emt 0:02:34]} 32. Bb4 {[%emt 0:09:22]} Qb6 {[%emt 0:00:59]} 33. Bc5 {[%emt 0:02:53]} Qd8 {[%emt 0:00:01]} 34. Bb4 {[%emt 0:03:39]} Qb6 {[%emt 0:00:01]} 35. Bc5 {[%emt 0:00:30]} Qd8 {[%emt 0:00:01]} 36. f5 {[%emt 0:04:04]} gxf5 {[%emt 0:00:37]} 37. Qf4 {[%emt 0:01:42]} d4 {[%emt 0:00:08]} 38. cxd4 {[%emt 0:01:39]} Bc6 {[%emt 0:00:16]} 39. Rf2 {[%emt 0:00:11]} Rb1 {[%emt 0:05:13]} 40. d5 {[%emt 0:03:43]} Bxd5 {[%emt 0:00:01]} 41. Be3 {[%emt 0:00:52]} a3 {[%emt 0:02:12]} 42. Qh6+ {[%emt 0:00:15]} Kg8 {[%emt 0:00:01]} 43. Bg5 {[%emt 0:05:50]} Qf8 {[%emt 0:00:01]} 44. Qxh4 {[%emt 0:00:11]} Rb4 {[%emt 0:03:01]} 45. d4 {[%emt 0:01:38]} Qg7 {[%emt 0:01:56]} 46. Bf6 {[%emt 0:01:27]} Qh7 {[%emt 0:00:01]} 47. Qg5+ {[%emt 0:00:28]} Qg6 {[%emt 0:00:18]} 48. Qh4 {[%emt 0:00:03]} Qh7 {[%emt 0:00:07]} 49. Rf4 {[%emt 0:00:49]} Rb2 {[%emt 0:00:37]} 50. Kg1 {[%emt 0:09:32]} Rxg2+ {[%emt 0:00:37]} 51. Kf1 {[%emt 0:00:01]} a2 {[%emt 0:00:11]} 52. Qe1 {[%emt 0:00:02]} Qxh3 {[%emt 0:00:14]} 53. Rh4 {[%emt 0:00:14]} Qf3+ {[%emt 0:00:07]} 0-1

[Event "ESP-chT 2nd Division 2019"]
[Site "Linares"]
[Date "2019.08.22"]
[Round "6.22"]
[White "Perez Garcia, Alejandro"]
[Black "Galiana Fernandez, Adrian"]
[Result "1-0"]
[WhiteElo "2347"]
[BlackElo "2295"]
[Annotator "NA"]
[PlyCount "65"]
[EventDate "2019.08.19"]
[EventType "team-tourn"]
[EventCountry "ESP"]
[SourceTitle "playchess.com"]
[Source "ChessBase"]
[SourceQuality "1"]
[TimeControl "5400+30"]

1. Nf3 {[%emt 0:00:00]} d5 {[%emt 0:00:00]} 2. e3 {[%emt 0:02:25]} Nf6 {[%emt 0:00:48]} 3. c4 {[%emt 0:00:30]} e6 {[%emt 0:00:11]} 4. b3 {[%emt 0:01:36]} Bd6 {[%emt 0:00:21]} 5. Bb2 {[%emt 0:01:47]} O-O {[%emt 0:00:09]} 6. g3 {[%emt 0:02:56]} c5 {[%emt 0:02:29]} 7. Bg2 {[%emt 0:01:59]} Nc6 {[%emt 0:00:09]} 8. O-O {[%emt 0:00:58]} d4 {[%emt 0:01:56]} 9. exd4 {[%emt 0:04:31]} cxd4 {[%emt 0:00:41]} 10. Nxd4 {[%emt 0:00:36]} Nxd4 {[%emt 0:00:17]} 11. Bxd4 {[%emt 0:00:05]} Bxg3 {[%emt 0:00:07]} 12. hxg3 {[%emt 0:01:15]} Qxd4 {[%emt 0:00:09]} 13. Nc3 {[%emt 0:00:16]} Rd8 {[%emt 0:04:34]} 14. Qe2 {[%emt 0:03:04]} a6 {[%emt 0:02:00]} 15. Rfe1 {[%emt 0:04:26]} Rb8 {[%emt 0:02:36]} 16. Rad1 {[%emt 0:01:48]} b6 {[%emt 0:03:33]} 17. Qe3 {[%emt 0:04:50]} Bb7 {[%emt 0:01:16]} 18. Nd5 {[%emt 0:00:25]} Qxe3 {[%emt 0:01:02]} 19. Nxf6+ {[%emt 0:00:50]} gxf6 {[%emt 0:00:09]} 20. dxe3 {[%emt 0:01:27]} Bxg2 {[%emt 0:00:25]} 21. Kxg2 {[%emt 0:00:30]} f5 {[%emt 0:09:31]} 22. Kf3 {[%emt 0:01:11]} Kg7 {[%emt 0:00:30]} 23. Rxd8 {[%emt 0:07:25]} Rxd8 {[%emt 0:00:08]} 24. Ke2 {[%emt 0:00:02]} e5 {[%emt 0:02:35]} 25. Rd1 {[%emt 0:02:07]} Rxd1 {[%emt 0:10:52]} 26. Kxd1 {[%emt 0:01:22]} f4 {[%emt 0:11:44]} 27. b4 {[%emt 0:27:13]} fxg3 {[%emt 0:09:08]} 28. fxg3 {[%emt 0:00:09]} f5 {[%emt 0:00:07]} 29. a4 {[%emt 0:08:07]} Kf6 {[%emt 0:00:09]} 30. c5 {[%emt 0:01:46]} b5 {[%emt 0:03:08]} 31. axb5 {[%emt 0:01:45]} axb5 {[%emt 0:00:02]} 32. Ke2 {[%emt 0:00:45]} e4 {[%emt 0:00:55]} 33. Kf2 {[%emt 0:00:35]} 1-0

[Event "ESP-chT 2nd Division 2019"]
[Site "Linares"]
[Date "2019.08.22"]
[Round "6.23"]
[White "Sanchez Dengra, Jose Maria"]
[Black "Gavilan Diaz, Mario"]
[Result "1-0"]
[WhiteElo "2216"]
[BlackElo "2318"]
[Annotator "NA"]
[PlyCount "31"]
[EventDate "2019.08.19"]
[EventType "team-tourn"]
[EventCountry "ESP"]
[SourceTitle "playchess.com"]
[Source "ChessBase"]
[SourceQuality "1"]
[TimeControl "5400+30"]

1. e4 {[%emt 0:00:00]} c5 {[%emt 0:00:00]} 2. Nf3 {[%emt 0:00:00]} d6 {[%emt 0:00:00]} 3. d4 {[%emt 0:00:04]} cxd4 {[%emt 0:00:00]} 4. Nxd4 {[%emt 0:00:15]} Nf6 {[%emt 0:00:01]} 5. Nc3 {[%emt 0:00:21]} a6 {[%emt 0:00:07]} 6. Bg5 {[%emt 0:00:57]} e6 {[%emt 0:00:13]} 7. Qf3 Nbd7 {[%emt 0:02:33]} 8. O-O-O {[%emt 0:03:52]} Qc7 {[%emt 0:05:37]} 9. Qg3 {[%emt 0:03:09]} b5 {[%emt 0:01:43]} 10. Bxb5 {[%emt 0:04:54]} Be7 {[%emt 0:40:29]} 11. Ba4 {[%emt 0:18:27]} Bb7 {[%emt 0:11:08]} 12. e5 {[%emt 0:04:25]} Nd5 {[%emt 0:09:27]} 13. Bxe7 {[%emt 0:01:18]} Kxe7 {[%emt 0:00:50]} 14. exd6+ {[%emt 0:00:30]} Qxd6 {[%emt 0:01:37]} 15. Nf5+ {[%emt 0:00:00]} exf5 16. Rhe1+ {[%emt 0:00:27]} 1-0

[Event "ESP-chT 2nd Division 2019"]
[Site "Linares"]
[Date "2019.08.22"]
[Round "6.25"]
[White "Sanchez Dengra, Barbara"]
[Black "Perera Borrego, Maria Adela"]
[Result "0-1"]
[WhiteElo "1983"]
[BlackElo "2186"]
[Annotator "NA"]
[PlyCount "92"]
[EventDate "2019.08.19"]
[EventType "team-tourn"]
[EventCountry "ESP"]
[SourceTitle "playchess.com"]
[Source "ChessBase"]
[SourceQuality "1"]
[TimeControl "5400+30"]

1. e4 {[%emt 0:00:00]} e6 {[%emt 0:00:00]} 2. d4 {[%emt 0:00:00]} d5 {[%emt 0:00:00]} 3. Nd2 {[%emt 0:00:04]} c5 {[%emt 0:00:07]} 4. Ngf3 {[%emt 0:00:41]} Nc6 {[%emt 0:03:04]} 5. exd5 {[%emt 0:16:32]} exd5 {[%emt 0:00:29]} 6. dxc5 {[%emt 0:00:56]} Bxc5 {[%emt 0:00:56]} 7. Nb3 {[%emt 0:01:07]} Bd6 {[%emt 0:03:46]} 8. Bd3 {[%emt 0:03:40]} Nge7 {[%emt 0:00:53]} 9. O-O {[%emt 0:00:55]} Bg4 {[%emt 0:01:14]} 10. h3 {[%emt 0:04:36]} Bh5 {[%emt 0:02:30]} 11. c3 {[%emt 0:01:40]} h6 {[%emt 0:13:25]} 12. Be3 {[%emt 0:06:24]} O-O {[%emt 0:03:42]} 13. Nbd4 {[%emt 0:03:05]} a6 {[%emt 0:08:29]} 14. Qd2 {[%emt 0:10:48]} Bg6 {[%emt 0:04:10]} 15. Bxg6 {[%emt 0:06:17]} Nxg6 {[%emt 0:02:25]} 16. Nf5 {[%emt 0:03:07]} Qd7 {[%emt 0:02:19]} 17. Nxg7 {[%emt 0:08:46]} Kxg7 {[%emt 0:09:36]} 18. Bxh6+ {[%emt 0:00:17]} Kg8 {[%emt 0:08:07]} 19. Bxf8 {[%emt 0:00:35]} Bxf8 {[%emt 0:00:24]} 20. Rad1 {[%emt 0:03:05]} Rd8 {[%emt 0:00:23]} 21. Rfe1 {[%emt 0:05:11]} Qf5 {[%emt 0:04:07]} 22. Nd4 {[%emt 0:06:42]} Qf6 {[%emt 0:00:46]} 23. Nxc6 {[%emt 0:02:15]} bxc6 {[%emt 0:00:32]} 24. Qd4 {[%emt 0:01:52]} Qg5 {[%emt 0:02:50]} 25. Rd3 {[%emt 0:02:55]} c5 {[%emt 0:04:13]} 26. Qa4 {[%emt 0:01:18]} Qf4 {[%emt 0:09:43]} 27. Qxa6 {[%emt 0:03:49]} Bd6 {[%emt 0:04:37]} 28. g3 {[%emt 0:03:32]} Qf5 {[%emt 0:05:00]} 29. Rde3 {[%emt 0:01:04]} Qd7 {[%emt 0:03:45]} 30. Qd3 {[%emt 0:01:29]} Bf8 {[%emt 0:00:48]} 31. Kg2 {[%emt 0:00:39]} d4 {[%emt 0:00:17]} 32. cxd4 {[%emt 0:00:55]} cxd4 {[%emt 0:00:02]} 33. R3e2 {[%emt 0:01:19]} Qd5+ {[%emt 0:00:47]} 34. Kh2 {[%emt 0:00:29]} Qxa2 {[%emt 0:02:08]} 35. h4 {[%emt 0:00:26]} Qd5 {[%emt 0:00:29]} 36. Re4 {[%emt 0:00:23]} Qf5 {[%emt 0:00:46]} 37. f4 {[%emt 0:00:47]} Qf6 {[%emt 0:01:06]} 38. Re8 {[%emt 0:00:22]} Rxe8 {[%emt 0:00:24]} 39. Rxe8 {[%emt 0:00:02]} Kg7 {[%emt 0:00:31]} 40. Qf3 {[%emt 0:00:44]} Bd6 {[%emt 0:00:33]} 41. Qg4 {[%emt 0:00:31]} d3 {[%emt 0:00:22]} 42. h5 {[%emt 0:00:14]} Qxb2+ {[%emt 0:00:10]} 43. Kg1 {[%emt 0:01:07]} Bc5+ {[%emt 0:00:32]} 44. Kh1 {[%emt 0:00:25]} Qc1+ {[%emt 0:00:38]} 45. Kg2 {[%emt 0:00:13]} Qg1+ {[%emt 0:00:11]} 46. Kf3 {[%emt 0:00:15]} Qd1+ {[%emt 0:00:11]} 0-1

[Event "ESP-chT 2nd Division 2019"]
[Site "Linares"]
[Date "2019.08.22"]
[Round "6.26"]
[White "Diaz Camallonga, Carles"]
[Black "Bernabeu Lopez, Carlos Javier"]
[Result "1/2-1/2"]
[WhiteElo "2436"]
[BlackElo "2370"]
[Annotator "NA"]
[PlyCount "60"]
[EventDate "2019.08.19"]
[EventType "team-tourn"]
[EventCountry "ESP"]
[SourceTitle "playchess.com"]
[Source "ChessBase"]
[SourceQuality "1"]
[TimeControl "5400+30"]

1. e4 {[%emt 0:00:00]} e5 {[%emt 0:00:00]} 2. Nf3 {[%emt 0:00:00]} Nf6 {[%emt 0:00:00]} 3. Nxe5 {[%emt 0:00:00]} d6 {[%emt 0:00:00]} 4. Nf3 {[%emt 0:00:00]} Nxe4 {[%emt 0:00:00]} 5. d3 {[%emt 0:00:12]} Nf6 {[%emt 0:00:00]} 6. d4 {[%emt 0:00:04]} d5 {[%emt 0:00:23]} 7. Bd3 {[%emt 0:00:06]} Bd6 {[%emt 0:00:50]} 8. Qe2+ {[%emt 0:00:05]} Qe7 {[%emt 0:00:37]} 9. Qxe7+ {[%emt 0:00:05]} Bxe7 {[%emt 0:00:30]} 10. Bf4 {[%emt 0:00:08]} c6 {[%emt 0:00:59]} 11. O-O {[%emt 0:00:06]} O-O {[%emt 0:01:28]} 12. Re1 {[%emt 0:00:21]} Re8 {[%emt 0:03:37]} 13. Nbd2 {[%emt 0:08:14]} Bg4 {[%emt 0:03:08]} 14. h3 {[%emt 0:01:24]} Bh5 {[%emt 0:01:00]} 15. Ne5 {[%emt 0:00:47]} Nbd7 {[%emt 0:01:05]} 16. Bh2 {[%emt 0:04:58]} Bg6 {[%emt 0:02:10]} 17. Nxg6 {[%emt 0:01:00]} hxg6 {[%emt 0:00:05]} 18. Nf3 {[%emt 0:00:10]} Bf8 {[%emt 0:01:12]} 19. Ne5 {[%emt 0:10:07]} Nxe5 {[%emt 0:07:24]} 20. dxe5 {[%emt 0:00:18]} Nd7 {[%emt 0:00:07]} 21. e6 {[%emt 0:00:52]} Nc5 {[%emt 0:01:16]} 22. exf7+ {[%emt 0:00:04]} Kxf7 {[%emt 0:00:03]} 23. Be2 {[%emt 0:00:21]} Ne4 {[%emt 0:00:32]} 24. Bf3 {[%emt 0:00:09]} Nd2 {[%emt 0:01:01]} 25. Bg4 {[%emt 0:00:22]} Ne4 {[%emt 0:04:34]} 26. Bf4 {[%emt 0:09:52]} Bc5 {[%emt 0:03:56]} 27. Re2 {[%emt 0:02:50]} Nf6 {[%emt 0:01:25]} 28. Rae1 {[%emt 0:03:04]} Nxg4 {[%emt 0:00:45]} 29. hxg4 {[%emt 0:00:04]} Rxe2 {[%emt 0:01:04]} 30. Rxe2 {[%emt 0:00:04]} b5 {[%emt 0:01:11]} 1/2-1/2

[Event "ESP-chT 2nd Division 2019"]
[Site "Linares"]
[Date "2019.08.22"]
[Round "6.27"]
[White "Blanco Acevedo, Cristobal Jose"]
[Black "Perpinya Rofes, Lluis Maria"]
[Result "1-0"]
[WhiteElo "2342"]
[BlackElo "2319"]
[Annotator "NA"]
[PlyCount "121"]
[EventDate "2019.08.19"]
[EventType "team-tourn"]
[EventCountry "ESP"]
[SourceTitle "playchess.com"]
[Source "ChessBase"]
[SourceQuality "1"]
[TimeControl "5400+30"]

1. d4 {[%emt 0:08:08]} d5 {[%emt 0:00:00]} 2. Nf3 {[%emt 0:00:15]} Nf6 {[%emt 0:00:00]} 3. c4 {[%emt 0:00:05]} dxc4 {[%emt 0:00:00]} 4. Nc3 {[%emt 0:00:31]} a6 {[%emt 0:01:22]} 5. a4 {[%emt 0:00:06]} Nc6 {[%emt 0:01:12]} 6. e4 {[%emt 0:00:36]} Na5 {[%emt 0:08:20]} 7. Ne5 {[%emt 0:01:00]} e6 {[%emt 0:03:20]} 8. Nxc4 {[%emt 0:00:38]} Bb4 {[%emt 0:04:43]} 9. Nxa5 {[%emt 0:00:47]} Bxa5 {[%emt 0:00:04]} 10. Bd3 {[%emt 0:00:18]} O-O {[%emt 0:08:39]} 11. e5 {[%emt 0:03:52]} Nd5 {[%emt 0:02:50]} 12. O-O {[%emt 0:00:10]} f5 {[%emt 0:28:16]} 13. exf6 {[%emt 0:01:38]} Qxf6 {[%emt 0:01:01]} 14. Qh5 {[%emt 0:20:12]} g6 {[%emt 0:00:32]} 15. Nxd5 {[%emt 0:00:10]} gxh5 {[%emt 0:00:04]} 16. Nxf6+ {[%emt 0:00:06]} Rxf6 {[%emt 0:00:04]} 17. Bg5 {[%emt 0:00:23]} Rf7 {[%emt 0:01:57]} 18. Be2 {[%emt 0:05:40]} Rf5 {[%emt 0:01:55]} 19. h4 {[%emt 0:00:19]} Bb6 {[%emt 0:02:23]} 20. Rfd1 {[%emt 0:01:50]} Bd7 {[%emt 0:10:32]} 21. Ra3 {[%emt 0:05:44]} Be8 {[%emt 0:05:23]} 22. g4 {[%emt 0:01:26]} Rd5 {[%emt 0:01:40]} 23. Bf6 {[%emt 0:01:54]} Bg6 {[%emt 0:08:34]} 24. Bc4 {[%emt 0:02:00]} hxg4 {[%emt 0:04:31]} 25. Bxd5 {[%emt 0:00:24]} exd5 {[%emt 0:00:06]} 26. a5 {[%emt 0:00:34]} Ba7 {[%emt 0:00:05]} 27. Rc1 {[%emt 0:01:00]} Rf8 {[%emt 0:01:37]} 28. Be5 {[%emt 0:00:27]} c6 {[%emt 0:00:02]} 29. Rb3 {[%emt 0:00:58]} Rf7 {[%emt 0:00:04]} 30. Rcc3 {[%emt 0:00:58]} Be4 {[%emt 0:01:37]} 31. Rb4 {[%emt 0:00:24]} h5 {[%emt 0:00:16]} 32. Ra4 {[%emt 0:02:23]} Kf8 {[%emt 0:02:39]} 33. Kf1 {[%emt 0:01:04]} Ke7 {[%emt 0:00:33]} 34. Rb4 {[%emt 0:00:30]} Kd8 {[%emt 0:00:27]} 35. Ke1 {[%emt 0:00:19]} Kc8 {[%emt 0:00:39]} 36. Bg3 {[%emt 0:00:08]} Re7 {[%emt 0:00:58]} 37. Kd2 {[%emt 0:00:17]} Re6 {[%emt 0:01:10]} 38. Rc1 {[%emt 0:05:43]} Rf6 {[%emt 0:00:38]} 39. Ke1 {[%emt 0:00:53]} Rf3 {[%emt 0:00:32]} 40. Be5 {[%emt 0:01:09]} Rf5 {[%emt 0:00:20]} 41. Rb3 {[%emt 0:00:42]} Rf7 {[%emt 0:00:08]} 42. Re3 {[%emt 0:02:34]} Rf5 {[%emt 0:01:01]} 43. b4 {[%emt 0:00:17]} Rxe5 {[%emt 0:00:35]} 44. dxe5 {[%emt 0:00:38]} Bxe3 {[%emt 0:00:04]} 45. fxe3 {[%emt 0:00:04]} Kd7 {[%emt 0:00:39]} 46. Kf2 {[%emt 0:00:23]} Ke6 {[%emt 0:00:20]} 47. b5 {[%emt 0:01:11]} cxb5 {[%emt 0:00:46]} 48. Rc7 {[%emt 0:00:09]} Kxe5 {[%emt 0:00:50]} 49. Rxb7 {[%emt 0:00:29]} Bd3 {[%emt 0:00:20]} 50. Rb6 {[%emt 0:01:30]} b4 {[%emt 0:00:33]} 51. Rxb4 {[%emt 0:00:14]} Bc4 {[%emt 0:00:31]} 52. Rb8 {[%emt 0:00:41]} Kf6 {[%emt 0:00:24]} 53. Rb6+ {[%emt 0:00:30]} Kf5 {[%emt 0:00:40]} 54. Rh6 {[%emt 0:03:11]} Ke4 {[%emt 0:00:04]} 55. Rxh5 {[%emt 0:01:03]} g3+ {[%emt 0:00:07]} 56. Kxg3 {[%emt 0:00:03]} Kxe3 {[%emt 0:00:04]} 57. Re5+ {[%emt 0:00:06]} Kd4 {[%emt 0:00:05]} 58. Kf4 {[%emt 0:00:07]} Kc3 {[%emt 0:00:26]} 59. Re3+ {[%emt 0:00:22]} Kd2 {[%emt 0:00:57]} 60. Rg3 {[%emt 0:00:27]} d4 {[%emt 0:01:04]} 61. h5 {[%emt 0:00:34]} 1-0

[Event "ESP-chT 2nd Division 2019"]
[Site "Linares"]
[Date "2019.08.22"]
[Round "6.28"]
[White "Campos Cayuelas, Adria"]
[Black "Castilla Leon Salas, Carlos"]
[Result "1-0"]
[WhiteElo "2157"]
[BlackElo "2252"]
[Annotator "NA"]
[PlyCount "67"]
[EventDate "2019.08.19"]
[EventType "team-tourn"]
[EventCountry "ESP"]
[SourceTitle "playchess.com"]
[Source "ChessBase"]
[SourceQuality "1"]
[TimeControl "5400+30"]

1. e4 {[%emt 0:00:00]} c5 {[%emt 0:00:45]} 2. Nc3 {[%emt 0:00:00]} g6 {[%emt 0:00:37]} 3. Bc4 {[%emt 0:00:00]} Nc6 {[%emt 0:01:04]} 4. a3 {[%emt 0:00:48]} Bg7 {[%emt 0:00:43]} 5. d3 {[%emt 0:00:13]} d6 {[%emt 0:02:29]} 6. Ba2 {[%emt 0:01:01]} Rb8 {[%emt 0:01:52]} 7. Nge2 {[%emt 0:10:53]} b5 {[%emt 0:05:28]} 8. O-O {[%emt 0:05:43]} e6 {[%emt 0:02:11]} 9. Bd2 {[%emt 0:06:08]} Nge7 {[%emt 0:02:04]} 10. f4 {[%emt 0:05:56]} O-O {[%emt 0:09:04]} 11. f5 {[%emt 0:02:45]} exf5 {[%emt 0:10:53]} 12. Bg5 {[%emt 0:06:36]} h6 {[%emt 0:03:22]} 13. exf5 {[%emt 0:02:15]} hxg5 {[%emt 0:07:11]} 14. f6 {[%emt 0:00:38]} Bh8 {[%emt 0:00:48]} 15. fxe7 {[%emt 0:00:54]} Qxe7 {[%emt 0:01:27]} 16. Ng3 {[%emt 0:01:10]} Be6 {[%emt 0:06:23]} 17. Nd5 {[%emt 0:09:00]} Qd8 {[%emt 0:00:40]} 18. c3 {[%emt 0:05:08]} Be5 {[%emt 0:04:28]} 19. Qd2 {[%emt 0:02:07]} f5 {[%emt 0:05:16]} 20. b4 {[%emt 0:02:28]} Kg7 {[%emt 0:01:52]} 21. Ne2 {[%emt 0:01:18]} Rh8 {[%emt 0:03:48]} 22. g3 {[%emt 0:00:44]} Qg8 {[%emt 0:00:23]} 23. d4 {[%emt 0:02:44]} cxd4 {[%emt 0:07:05]} 24. cxd4 {[%emt 0:00:31]} Bxg3 {[%emt 0:02:45]} 25. Nxg3 {[%emt 0:00:38]} f4 {[%emt 0:02:17]} 26. Nxf4 {[%emt 0:02:02]} Bxa2 {[%emt 0:00:24]} 27. Nfh5+ {[%emt 0:03:24]} gxh5 {[%emt 0:10:19]} 28. Rxa2 {[%emt 0:00:41]} Qd5 {[%emt 0:01:03]} 29. Nf5+ {[%emt 0:01:55]} Kh7 {[%emt 0:00:57]} 30. Qd3 {[%emt 0:01:40]} Qe6 {[%emt 0:01:27]} 31. Ne7+ {[%emt 0:04:47]} Kh6 {[%emt 0:00:06]} 32. Re2 {[%emt 0:00:30]} Qg4+ {[%emt 0:01:05]} 33. Kh1 {[%emt 0:00:16]} Nxe7 {[%emt 0:00:51]} 34. Rxe7 {[%emt 0:00:08]} 1-0

[Event "ESP-chT 2nd Division 2019"]
[Site "Linares"]
[Date "2019.08.22"]
[Round "6.29"]
[White "Leon Acosta, Miguel"]
[Black "Fernandez Aguilar, Francisco"]
[Result "1/2-1/2"]
[WhiteElo "2155"]
[BlackElo "2064"]
[Annotator "NA"]
[PlyCount "90"]
[EventDate "2019.08.19"]
[EventType "team-tourn"]
[EventCountry "ESP"]
[SourceTitle "playchess.com"]
[Source "ChessBase"]
[SourceQuality "1"]
[TimeControl "5400+30"]

1. b3 {[%emt 0:00:00]} d5 {[%emt 0:00:11]} 2. Bb2 {[%emt 0:00:00]} Bg4 {[%emt 0:00:51]} 3. h3 {[%emt 0:00:20]} Bh5 {[%emt 0:00:10]} 4. d3 {[%emt 0:00:47]} Nd7 {[%emt 0:00:59]} 5. Nd2 {[%emt 0:11:19]} e6 {[%emt 0:01:42]} 6. Ngf3 {[%emt 0:00:23]} Ngf6 {[%emt 0:00:12]} 7. g3 {[%emt 0:02:22]} Be7 {[%emt 0:00:43]} 8. Bg2 {[%emt 0:01:23]} O-O {[%emt 0:00:26]} 9. e3 {[%emt 0:00:38]} c6 {[%emt 0:02:07]} 10. Qe2 {[%emt 0:00:24]} a5 {[%emt 0:05:02]} 11. a3 {[%emt 0:03:58]} Ne8 {[%emt 0:12:36]} 12. e4 {[%emt 0:02:30]} dxe4 {[%emt 0:08:43]} 13. dxe4 {[%emt 0:00:07]} Qc7 {[%emt 0:09:04]} 14. O-O {[%emt 0:08:30]} e5 {[%emt 0:06:22]} 15. g4 {[%emt 0:02:41]} Bg6 {[%emt 0:02:27]} 16. Nc4 {[%emt 0:00:27]} f6 {[%emt 0:00:16]} 17. Nh4 {[%emt 0:02:13]} Nc5 {[%emt 0:06:03]} 18. Ne3 {[%emt 0:06:56]} Nd6 {[%emt 0:08:08]} 19. Nhf5 {[%emt 0:04:44]} Ne6 {[%emt 0:01:11]} 20. Rfd1 {[%emt 0:04:58]} Nf4 {[%emt 0:01:25]} 21. Qf3 {[%emt 0:03:02]} Nxf5 {[%emt 0:01:24]} 22. exf5 {[%emt 0:01:56]} Bf7 {[%emt 0:00:23]} 23. Bf1 {[%emt 0:00:37]} Rfd8 {[%emt 0:02:57]} 24. c4 {[%emt 0:07:16]} Qb6 {[%emt 0:04:26]} 25. Ng2 {[%emt 0:00:38]} Nxg2 {[%emt 0:00:20]} 26. Kxg2 {[%emt 0:00:02]} Bc5 {[%emt 0:00:49]} 27. Be2 {[%emt 0:09:04]} Be8 {[%emt 0:06:34]} 28. Rxd8 {[%emt 0:01:39]} Rxd8 {[%emt 0:00:06]} 29. Rd1 {[%emt 0:00:05]} Bd4 {[%emt 0:02:13]} 30. Bxd4 {[%emt 0:06:28]} exd4 {[%emt 0:00:35]} 31. Qd3 {[%emt 0:00:12]} c5 {[%emt 0:00:39]} 32. Bf3 {[%emt 0:00:57]} Bc6 {[%emt 0:01:28]} 33. a4 {[%emt 0:03:27]} Re8 {[%emt 0:03:57]} 34. Kf1 {[%emt 0:01:24]} Qc7 {[%emt 0:04:12]} 35. Re1 {[%emt 0:02:33]} Rxe1+ {[%emt 0:01:38]} 36. Kxe1 {[%emt 0:00:01]} Bxf3 {[%emt 0:03:44]} 37. Qxf3 {[%emt 0:00:03]} Qc6 {[%emt 0:00:03]} 38. Qe2 {[%emt 0:09:59]} Kf7 {[%emt 0:00:41]} 39. Kd2 {[%emt 0:00:10]} h6 {[%emt 0:01:13]} 40. h4 {[%emt 0:01:16]} Kg8 {[%emt 0:01:24]} 41. Qe7 {[%emt 0:01:27]} b6 {[%emt 0:01:17]} 42. h5 {[%emt 0:01:11]} Kh8 {[%emt 0:01:24]} 43. Qe6 {[%emt 0:00:49]} Qxe6 {[%emt 0:00:50]} 44. fxe6 {[%emt 0:00:09]} Kg8 {[%emt 0:00:26]} 45. f4 {[%emt 0:00:34]} Kf8 {[%emt 0:00:17]} 1/2-1/2

[Event "ESP-chT 2nd Division 2019"]
[Site "Linares"]
[Date "2019.08.22"]
[Round "6.30"]
[White "Lopez Atay, Diana Ruth"]
[Black "Ordonez Torres, Maria Del Carmen"]
[Result "0-1"]
[WhiteElo "1920"]
[BlackElo "2027"]
[Annotator "NA"]
[PlyCount "60"]
[EventDate "2019.08.19"]
[EventType "team-tourn"]
[EventCountry "ESP"]
[SourceTitle "playchess.com"]
[Source "ChessBase"]
[SourceQuality "1"]
[TimeControl "5400+30"]

1. e4 {[%emt 0:00:00]} e5 {[%emt 0:00:00]} 2. Nf3 {[%emt 0:00:00]} Nc6 {[%emt 0:00:03]} 3. Bb5 {[%emt 0:00:00]} g6 4. O-O {[%emt 0:00:54]} Bg7 {[%emt 0:00:46]} 5. d3 {[%emt 0:00:45]} Nge7 {[%emt 0:00:34]} 6. Nc3 {[%emt 0:00:32]} h6 {[%emt 0:01:27]} 7. a3 {[%emt 0:01:45]} O-O {[%emt 0:00:47]} 8. Bc4 {[%emt 0:01:50]} d6 {[%emt 0:00:31]} 9. Be3 {[%emt 0:01:31]} Kh7 {[%emt 0:05:21]} 10. h3 {[%emt 0:10:27]} f5 {[%emt 0:01:13]} 11. Qe2 {[%emt 0:00:57]} f4 {[%emt 0:01:36]} 12. Bd2 {[%emt 0:00:29]} g5 {[%emt 0:02:03]} 13. Nh2 {[%emt 0:00:30]} Nd4 {[%emt 0:01:21]} 14. Qd1 {[%emt 0:01:58]} f3 {[%emt 0:05:58]} 15. gxf3 {[%emt 0:01:47]} Bxh3 {[%emt 0:00:59]} 16. Re1 {[%emt 0:00:44]} Qd7 {[%emt 0:02:57]} 17. Nd5 {[%emt 0:01:58]} Nxf3+ {[%emt 0:01:52]} 18. Kh1 {[%emt 0:00:49]} Nxe1 {[%emt 0:06:58]} 19. Qxe1 {[%emt 0:00:34]} Ng6 {[%emt 0:02:04]} 20. Qe2 {[%emt 0:01:19]} c6 {[%emt 0:02:56]} 21. Nc3 {[%emt 0:02:30]} Nf4 {[%emt 0:02:13]} 22. Bxf4 {[%emt 0:00:22]} Rxf4 {[%emt 0:00:24]} 23. Rg1 {[%emt 0:01:12]} Raf8 {[%emt 0:03:22]} 24. Nd1 {[%emt 0:00:21]} d5 {[%emt 0:18:24]} 25. exd5 {[%emt 0:00:25]} cxd5 {[%emt 0:00:31]} 26. Bb3 {[%emt 0:00:24]} Rh4 {[%emt 0:01:15]} 27. Ne3 {[%emt 0:03:54]} e4 {[%emt 0:05:09]} 28. Bxd5 {[%emt 0:02:36]} Be5 {[%emt 0:08:23]} 29. Bxe4+ {[%emt 0:00:52]} Kh8 {[%emt 0:00:25]} 30. Nf3 {[%emt 0:16:45]} Bg2+ {[%emt 0:00:51]} 0-1